[Event "Hoogeveen Unive op 17th"]
[Site "Hoogeveen"]
[Date "2013.10.21"]
[Round "4"]
[White "Zepeda, Lorena"]
[Black "Buckels, Valentin"]
[Result "1-0"]
[WhiteElo "2156"]
[BlackElo "2058"]
[PlyCount "89"]
[EventDate "2013.10.18"]
[EventType "swiss"]
[EventRounds "9"]
[EventCountry "NED"]
[SourceTitle "EXT 2014"]
[Source "ChessBase"]
[SourceDate "2013.11.20"]
[SourceVersion "1"]
[SourceVersionDate "2013.11.20"]
[SourceQuality "1"]

1. e4 e5 2. Nf3 Nc6 3. Bc4 Bc5 4. c3 Nf6 5. d3 a6 6. Nbd2 Ba7 7. Bb3 d6 8. Nf1 h6 9. Ng3 0-0 10. 0-0 Be6 11. h3 Qd7 12. Be3 d5 13. Bxa7 Rxa7 14. Qe2 Re8 15. Nh4 Ne7 16. Bc2 d4 17. f4 exf4 18. Rxf4 Qb5 19. Raf1 Nh7 20. Nhf5 Ng6 21. R4f2 Qxb2 22. cxd4 Qxa2 23. d5 Bxd5 24. Qe3 Raa8 25. Qd4 Re5 26. exd5 Qxd5 27. Qxd5 Rxd5 28. Nh5 Rd7 29. Nfxg7 a5 30. Nf5 Kf8 31. Nxh6 Nh8 32. Bb3 a4 33. Bxf7 Nxf7 34. Rxf7+ Rxf7 35. Rxf7+ Ke8 36. Ng7+ Kd8 37. Ne6+ Kc8 38. Rxh7 Ra5 39. Rxc7+ Kb8 40. Rc1 Ra6 41. Nc5 Rxh6 42. Nxa4 Rd6 43. Rb1 Ka7 44. Kh2 Rxd3 45. Rxb7+ 1-0

[Event "Olympiad Women-40"]
[Site "Istanbul"]
[Date "2012.09.04"]
[Round "7.1"]
[White "Zepeda, Lorena"]
[Black "Hallaeva, Bahar"]
[Result "1-0"]
[WhiteElo "2139"]
[BlackElo "2174"]
[PlyCount "89"]
[EventDate "2012.08.28"]
[EventType "team-swiss"]
[EventRounds "11"]
[EventCountry "TUR"]
[SourceTitle "CBM 150 Extra"]
[Source "ChessBase"]
[SourceDate "2012.10.19"]
[SourceVersion "1"]
[SourceVersionDate "2012.10.19"]
[SourceQuality "1"]
[WhiteTeam "El Salvador (W)"]
[BlackTeam "Turkmenistan (W)"]
[WhiteTeamCountry "ESA"]
[BlackTeamCountry "TKM"]

1. e4 e5 2. Bc4 Nf6 3. Qe2 Nc6 4. Nf3 Bc5 5. c3 0-0 6. Bb3 h6 7. d3 Re8 8. h3 d5 9. g4 dxe4 10. dxe4 Be6 11. Bxe6 Rxe6 12. g5 Nh5 13. gxh6 gxh6 14. Rg1+ Ng7 15. Nbd2 Kh7 16. Nc4 b5 17. Ne3 b4 18. Bd2 bxc3 19. bxc3 Rg6 20. Qc4 Bxe3 21. Bxe3 Qf6 22. 0-0-0 Rxg1 23. Nxg1 Qe6 24. Qxe6 Nxe6 25. Rd7 Kg7 26. Nf3 Rd8 27. Rd5 f6 28. Nh4 h5 29. Nf5+ Kf7 30. h4 a6 31. Kc2 Ne7 32. Rxd8 Nxd8 33. Ng3 Kg6 34. Kb3 Ne6 35. Kc4 f5 36. exf5+ Nxf5 37. Kd5 Nxg3 38. Kxe6 Ne4 39. c4 Nd6 40. c5 Nb5 41. Kxe5 Nc3 42. Ke6 a5 43. f4 Ne4 44. f5+ Kg7 45. f6+ 1-0